Laudato si. Carta encíclica de S.S. Francisco sobre el cuidado de la casa común
Spremljeno u:
| Glavni autor: | |
|---|---|
| Format: | Knjiga |
| Jezik: | španjolski |
| Izdano: |
Santiago, Chile
CEPAL
2015
|
| Izdanje: | 1a. ed |
| Teme: | |
| Online pristup: | Disponible Online |
| Oznake: |
Dodaj oznaku
Bez oznaka, Budi prvi tko označuje ovaj zapis!
|
MARC
| LEADER | 00000cam a2200000 a 4500 | ||
|---|---|---|---|
| 001 | UCB0074 | ||
| 003 | CL-VaPUC | ||
| 005 | 20230412122649.0 | ||
| 008 | 191206e20150000cl spa d | ||
| 999 | |c 361782 |d 361780 | ||
| 020 | |a 9789561416185 | ||
| 040 | |c Pontificia Universidad Católica de Valparaíso | ||
| 082 | 0 | 4 | |a 262.91 FRA 2015 |2 21 |
| 100 | |a Francisco, |c Papa |e autor |9 877620 | ||
| 245 | 1 | 0 | |a Laudato si. |b Carta encíclica de S.S. Francisco sobre el cuidado de la casa común |
| 250 | |a 1a. ed | ||
| 260 | |a Santiago, Chile |b CEPAL |c 2015 | ||
| 300 | |a 186 páginas | ||
| 583 | |a last modification |c 20191206 10:52:00 |k cmena | ||
| 650 | 0 | 0 | |a Encíclicas papales |2 CL-VaPUC |9 314532 |
| 650 | 0 | 0 | |a Documentos pontificios |9 255642 |
| 856 | |u http://bibliografiadigital.pucv.cl.pucv.idm.oclc.org/index.php/bibliotecapucv/catalog/book/476 |y Disponible Online | ||
| 942 | |c BK |2 ddc | ||
| 945 | |a dcastane |d 20191206 10:52:00 | ||
| 952 | |0 0 |1 0 |3 erb |4 0 |6 262_910000000000000_FRA_2015 |7 0 |8 A |9 472435 |a BIBTEO |b BIBTEO |i 5251133 |o 262.91 FRA 2015 |p 5251133 |r 2025-01-17 |w 2019-11-24 |y BK |z Catalogado en:20151120 |k ICR | ||
| 952 | |0 0 |1 0 |3 erb |4 0 |6 262_910000000000000_FRA_2015 |7 0 |8 A |9 472436 |a BIBTEO |b BIBTEO |i 5251141 |l 1 |o 262.91 FRA 2015 |p 5251141 |r 2025-01-17 |s 2024-08-13 |w 2019-11-24 |y BK |z Catalogado en:20151120 |k ICR | ||
| 952 | |0 0 |1 0 |3 erb |4 0 |6 262_910000000000000_FRA_2015 |7 0 |8 A |9 472437 |a BIBTEO |b BIBTEO |i 525115K |o 262.91 FRA 2015 |p 525115K |r 2025-01-17 |w 2019-11-24 |y BK |z Catalogado en:20151120 |k ICR | ||
| 952 | |0 0 |1 0 |3 erb |4 0 |6 262_910000000000000_FRA_2015 |7 0 |8 A |9 472438 |a BIBTEO |b BIBTEO |i 5251168 |o 262.91 FRA 2015 |p 5251168 |r 2025-01-17 |w 2019-11-24 |y BK |z Catalogado en:20151120 |k ICR | ||
| 952 | |0 0 |1 0 |3 erb |4 0 |6 262_910000000000000_FRA_2015 |7 0 |8 A |9 472439 |a BIBTEO |b BIBTEO |i 5251176 |o 262.91 FRA 2015 |p 5251176 |r 2025-01-17 |w 2019-11-24 |y BK |z Catalogado en:20151120 |k ICR | ||
| 952 | |0 0 |1 0 |3 erb |4 0 |6 262_910000000000000_FRA_2015 |7 0 |8 A |9 472440 |a BIBTEO |b BIBTEO |i 5251222 |o 262.91 FRA 2015 |p 5251222 |r 2025-01-17 |w 2019-11-24 |y BK |z Catalogado en:20151120 |k ICR | ||
| 952 | |0 0 |1 0 |3 erb |4 0 |6 262_910000000000000_FRA_2015 |7 0 |8 A |9 472441 |a BIBTEO |b BIBTEO |i 5251184 |l 1 |o 262.91 FRA 2015 |p 5251184 |r 2025-01-17 |s 2023-06-06 |w 2019-11-24 |y BK |z Catalogado en:20151120 |k ICR | ||
| 952 | |0 0 |1 0 |2 ddc |3 erb |4 0 |6 262_910000000000000_FRA_2015 |7 0 |8 A |9 472442 |a BIBTEO |b BIBTEO |i 5251192 |l 6 |o 262.91 FRA 2015 |p 5251192 |r 2025-01-17 |s 2022-11-02 |w 2019-11-24 |y BK |z Catalogado en:20151120 |k ICR | ||
| 952 | |0 0 |1 0 |3 erb |4 0 |6 262_910000000000000_FRA_2015 |7 0 |8 A |9 472443 |a BIBTEO |b BIBTEO |i 5251206 |o 262.91 FRA 2015 |p 5251206 |r 2025-01-17 |w 2019-11-24 |y BK |z Catalogado en:20151120 |k ICR | ||
| 952 | |0 0 |1 0 |3 erb |4 0 |6 262_910000000000000_FRA_2015 |7 0 |8 A |9 472444 |a BIBTEO |b BIBTEO |i 5251214 |o 262.91 FRA 2015 |p 5251214 |r 2025-01-17 |w 2019-11-24 |y BK |z Catalogado en:20151120 |k ICR | ||
| 952 | |0 0 |1 0 |3 erb |4 0 |6 262_910000000000000_FRA_2015 |7 0 |8 A |9 495671 |a BIBTEO |b BIBTEO |i 5608007 |l 1 |o 262.91 FRA 2015 |p 5608007 |r 2025-01-17 |s 2023-08-17 |w 2020-01-06 |y BK |z Catalogado en:20191206 |k ICR | ||